000 00317nam a22001457a 4500
008 210426b ||||| |||| 00| 0 eng d
020 _a0813313511
041 _aeng
080 _a316
082 _a316
100 _a50
101 _aSOC
245 _aThe Work of Pierre Bourdieu
_cDerek Robbins
942 _2udc
_cBK
999 _c56794
_d56794